Statistics for Biggest Four-Letter City by Country

Click here to take the quiz!

General Stats

  • This quiz has been taken 298 times
  • The average score is 25 of 55

Answer Stats

CountryCity% Correct
ItalyRome
100%
NorwayOslo
99%
PeruLima
97%
SwitzerlandBern
91%
QatarDoha
91%
UkraineKiev
91%
FranceLyon
90%
AzerbaijanBaku
84%
LatviaRiga
84%
IrelandCork
80%
ChinaXi'an
76%
MaldivesMalé
73%
South SudanJuba
72%
FijiSuva
72%
TogoLomé
68%
ColombiaCali
67%
GermanyBonn
66%
NigeriaKano
65%
Czech RepublicBrno
64%
AlgeriaOran
62%
IndiaPune
61%
PhilippinesCebu
59%
PolandŁódź
59%
SamoaApia
58%
AustriaGraz
58%
EgyptGiza
55%
JapanKobe
50%
(various)Léon
49%
United KingdomYork
47%
RussiaOmsk
45%
TunisiaSfax
44%
FinlandOulu
41%
SyriaHoms
34%
HungaryPécs
24%
SpainVigo
24%
RomaniaIași
22%
United StatesMesa
16%
CroatiaPula
15%
BulgariaRuse
15%
D.R. CongoGoma
14%
MoroccoSalé
14%
MalaysiaIpoh
13%
YemenTaiz
13%
SwedenLund
12%
TurkmenistanMary
11%
F. S. of MicronesiaWeno
11%
BelgiumMons
10%
BhutanParo
9%
Saudi ArabiaTa'if
7%
IranYazd
7%
BotswanaMaun
6%
MyanmarBago
5%
GeorgiaGori
5%
OmanSeeb
5%
EcuadorLoja
3%

Score Distribution

Percentile by Number Answered

Percent of People with Each Score

Your Score History

You have not taken this quiz